000 00955cab a2200289 4500
001 ABS50504
008 090401t1994 xxu||||| |||| 00| 0 eng d
035 _a(Sirsi) u76215
041 _aeng
100 _aDownes, P
245 _aCounting the cost
260 _c1994
350 _a0
490 _aCSM (Chartered Surveyor Monthly)
_v3(7) April 1994, 22-23(2)
520 _aReviews two DoE seminars held as part of the Government`s consultation process for the report to the United Nations Commission on sustainable development. Analyses SoS Environment`s speech on town and cities commenting on recent government policy.
650 _aGOVERNMENT POLICY
650 _aMENTOR
650 _aOUT-OF-TOWN
650 _aPLANNING POLICY
650 _aSUPERSTORES
650 _aSUSTAINABLE DEVELOPMENT
650 _aTOWN CENTRES
650 _aTRAFFIC CONGESTION
690 _aPLANNING LAW AND PRACTICE
942 _n0
948 _c04/03/1997
999 _c47960
_d47960